000 nam a22 7a 4500
999 _c7231
_d7231
008 170731b xxu||||| |||| 00| 0 eng d
100 _93802
_aFortune
245 _aA-Z Encyclopedia
260 _aNew delhi
_bAnmol publications
_c2006